| 000 | 00786nam a2200241Ia 4500 | ||
|---|---|---|---|
| 005 | 20221121155118.0 | ||
| 008 | 210716s2008 xx 000 0 und d | ||
| 020 | _a9788130909745 | ||
| 040 | _cAIMIT LIBRARY | ||
| 041 | _aeng | ||
| 082 |
_a005.368 _21 _bKASU |
||
| 100 |
_aKastens, Uwe. _963005 |
||
| 245 |
_aGenerating software : _bfrom specifications / _cBy Uwe Kastens, Anthony M. Sloane and William M. Waite. |
||
| 250 | _a1st ed. | ||
| 260 |
_aNew Delhi ; _bViva Books , _c2008. |
||
| 300 |
_axi,413 p.; _c25 cm. |
||
| 650 |
_aStoring entities with properties _963006 |
||
| 650 |
_aNames and entities _963007 |
||
| 650 |
_aExecution infrastructure _963008 |
||
| 700 |
_aSloane, Anthony M. _963009 |
||
| 700 |
_aWaite, William M. _963010 |
||
| 942 |
_2ddc _cBK _e1 _k005.368 KASU |
||
| 999 |
_c190314 _d190314 |
||